000
00334 a2200157 4500
001
155347
040
_c
Escola São Tomás de Aquino
100
_a
PAIVA, Manoel Rodrigues
240
1
0
_a
Matemática
_l
por
245
1
0
_a
Matemática
300
_a
576
362
0
_a
2009
440
1
_a
Moderna
697
_a
MATEMÁTICA
942
_c
BK
999
_c
155347
_d
155347